000 00658nam a2200265Ia 4500
005 20260121171139.0
008 008 260114s9999 xx 000 0 eng d
020 _a9783030182861
037 _aEBOOK
040 _aCRL
040 _beng
040 _cCRL
041 _2eng
041 _aeng
084 _qCRL
100 _aJ.H.L. Voncken
_91072609
245 0 _aGeology of Coal Deposits of South Limburg, The Netherlands
260 _bSpringer
260 _bSpringer
260 _c2020
856 _uhttps://link.springer.com/openurl?genre=book&isbn=978-3-030-18286-1
942 _cEBOOK
999 _c1638339
_d1638339